000 00362nam a2200157Ia 4500
100 _aHwang/Kai/ Fox Geoffrey c
650 _aCloud computing
942 _cBK
366 _f25
654 _adistributed computing
245 _aDistributed and cloud computing
260 _bMorgan Kaufmann
_c2012
082 _a4.65
_bHWA
300 _a648
546 _aENGLISH
999 _c28828
_d28828